| 000 | 00723nam a2200217Ia 4500 | ||
|---|---|---|---|
| 003 | GCL | ||
| 008 | 140319s9999 xx 000 0 ara d | ||
| 040 |
_aGCL / _cGCL |
||
| 082 | 0 | 4 |
_a189.1 _bع ا |
| 100 | 1 | _aعبدالغفار مكاوى | |
| 245 | 1 | 0 |
_aارسطو دعوة للفلسفة(بروتر يبتقوس) كتاب مفقود ارسطو / _cعبدالغفار مكاوى |
| 260 |
_a[S.N] : _bالهيئة المصرية العامة للكتاب ، _c1987 |
||
| 300 | _a99 | ||
| 490 | _a | ||
| 650 | 0 | 4 | _aالفلسفة |
| 650 | 0 | 4 | _aفلسفة ارسطو |
| 650 | 0 | 4 | _aالفلاسفةاليونانيون |
| 650 | 0 | 4 | _aالفلسفة اليونانية |
| 650 | 0 | 4 | _aالفلاسفة |
| 942 |
_2ddc _cBK |
||
| 999 |
_c29249 _d29249 |
||